000 00375nam a2200157 i 4500
001 bg
245 0 _aSurvey of mathematical programming.
_nVol. 3.
260 _aBudapest :
_bAkademiai Kiado,
_c1979.
020 _a9630514834
040 _cBPK
041 _apol
080 _a519.85
920 _a963-05-1483-4
942 _cKS
008 s pl f |000 0 pol
999 _c19444
_d19444
856 _uhttp://koha.tu.koszalin.pl/cgi-bin/koha/opac-detail.pl?biblionumber=19444
_yKatalog online BPK